Estadísticas para Cosas grandes

Haz click aquí para intentar la prueba.

Estadísticas generales

  • Esta prueba ha sido intentada 2.870 veces
  • La puntuación promedio es 14 de 26

Estadísticas de respuestas

CategoríaCosa grande% Correcto
Animal terrestre (peso)Elefante Africano
98%
País (población)China
92%
Animal terrestre (altura)Jirafa
92%
País (Área terrestre)Rusia
92%
Montaña (altura)Monte Everest
88%
Planeta (este sistema solar)Júpiter
86%
Desierto (no ártico)Sahara
86%
Rio (volumen)Amazona
81%
Hueso humanoFemur
77%
Cascada/Cataratas (fluido de agua)Cataratas del Niágara
75%
Estado de EE. UU. (población)California
72%
Órgano interno humano (peso)Hígado
59%
Estado de EE. UU. (Área terrestre)Alaska
56%
Ciudad (población metropolitana)Cantón o Tokio
56%
Isla (área, no continental)Groenlandia
50%
Cascada/ Cataratas (altura)Salto del Ángel
48%
Especie de animalBallena Azul
46%
Especie de Árbol (peso)Secuoya Gigante
39%
Edificio (altura)Burj Khalifa
38%
Corporación Pública (valor de mercado)Apple
28%
Lago (volumen)Lago Baikal
24%
Estadio de EE. UU. (capacidad)Estadio de Michigan
19%
Lago de agua fresca(área)Lago Superior
19%
Corporación Pública (ingresos)Wal-Mart
7%
Especie de Árbol (altura)Secuoya Roja
5%
Cueva (paso más largo)Mammoth Cave
3%

Distribución de puntuación

Porcentaje por número respondido

Porcentaje de gente con cada puntuación

Historial de tus puntuaciones

No has intentado esta prueba.